<?xml version="1.0" encoding="UTF-8"?><?xml-stylesheet type="text/xsl" href="static/style.xsl"?><OAI-PMH xmlns="http://www.openarchives.org/OAI/2.0/" xmlns:xsi="http://www.w3.org/2001/XMLSchema-instance" xsi:schemaLocation="http://www.openarchives.org/OAI/2.0/ http://www.openarchives.org/OAI/2.0/OAI-PMH.xsd"><responseDate>2026-06-29T01:27:32Z</responseDate><request verb="GetRecord" identifier="oai:docta.ucm.es:20.500.14352/114249" metadataPrefix="marc">https://docta.ucm.es/rest/oai/request</request><GetRecord><record><header><identifier>oai:docta.ucm.es:20.500.14352/114249</identifier><datestamp>2025-01-15T01:05:51Z</datestamp><setSpec>com_20.500.14352_14</setSpec><setSpec>col_20.500.14352_15</setSpec></header><metadata><record xmlns="http://www.loc.gov/MARC21/slim" xmlns:dcterms="http://purl.org/dc/terms/" xmlns:xsi="http://www.w3.org/2001/XMLSchema-instance" xmlns:doc="http://www.lyncode.com/xoai" xsi:schemaLocation="http://www.loc.gov/MARC21/slim http://www.loc.gov/standards/marcxml/schema/MARC21slim.xsd">
   <leader>00925njm 22002777a 4500</leader>
   <datafield ind2=" " ind1=" " tag="042">
      <subfield code="a">dc</subfield>
   </datafield>
   <datafield ind2=" " ind1=" " tag="720">
      <subfield code="a">Kim, Ji Hyun</subfield>
      <subfield code="e">author</subfield>
   </datafield>
   <datafield ind2=" " ind1=" " tag="720">
      <subfield code="a">Jin, Zhe Wu</subfield>
      <subfield code="e">author</subfield>
   </datafield>
   <datafield ind2=" " ind1=" " tag="720">
      <subfield code="a">Shibata, Shunichi</subfield>
      <subfield code="e">author</subfield>
   </datafield>
   <datafield ind2=" " ind1=" " tag="720">
      <subfield code="a">Yang, Jae Do</subfield>
      <subfield code="e">author</subfield>
   </datafield>
   <datafield ind2=" " ind1=" " tag="720">
      <subfield code="a">Murakami, Gen</subfield>
      <subfield code="e">author</subfield>
   </datafield>
   <datafield ind2=" " ind1=" " tag="720">
      <subfield code="a">Rodríguez Vázquez, José Francisco</subfield>
      <subfield code="e">author</subfield>
   </datafield>
   <datafield ind2=" " ind1=" " tag="720">
      <subfield code="a">Cho, Baik Hwan</subfield>
      <subfield code="e">author</subfield>
   </datafield>
   <datafield ind2=" " ind1=" " tag="260">
      <subfield code="c">2017-05</subfield>
   </datafield>
   <datafield ind2=" " ind1=" " tag="520">
      <subfield code="a">Objective
 To access detailed distribution and age-dependent changes of oral epithelial pearls. 

Design
 Investigation and analysis with human fetal serial sections. 

Setting
 Institute of Embryology. 

Methods
 This study examined serial frontal sections of the upper and lower jaws of 19 human fetuses at 12 to 18 weeks and of the lower jaws of four late-stage fetuses. 

Results
 The upper jaw contained more than 20 midline and more than 60 lateral pearls greater than 20 μm in diameter, whereas the lower jaw contained fewer than 30 pearls of the same size. Midline pearls in the upper jaw were often cylindrical or rugby-ball shaped, whereas all pearls in the lower jaw were small and spherical. Epithelial pearls in the upper jaw started developing along the upper midline until 12 weeks; lateral pearls and additional midline pearls (or strictly, paramedian pearls) developed until 15 weeks. In the lower jaw, however, pearl development started at 18 weeks and was almost always from the dental lamina. Some of the fetuses assessed had an open nasopalatine canal without a duct, but there was no fibrous connection between this canal and pearls. Similarly, the lip frenulum or incisive suture was not connected with these pearls. 

Conclusion
 The timing and sequence of development suggest that postfusion rupture of the palate by midline pearls was unlikely.</subfield>
   </datafield>
   <datafield ind1="8" ind2=" " tag="024">
      <subfield code="a">Kim JH, Jin ZW, Shibata S, et al. Fetal Development of Human Oral Epithelial Pearls with Special Reference to Their Stage-Dependent Changes in Distribution. The Cleft Palate Craniofacial Journal. 2017;54(3):295-303. doi:10.1597/15-291</subfield>
   </datafield>
   <datafield ind1="8" ind2=" " tag="024">
      <subfield code="a">1055-6656</subfield>
   </datafield>
   <datafield ind1="8" ind2=" " tag="024">
      <subfield code="a">10.1597/15-291</subfield>
   </datafield>
   <datafield ind1="8" ind2=" " tag="024">
      <subfield code="a">https://hdl.handle.net/20.500.14352/114249</subfield>
   </datafield>
   <datafield ind1="8" ind2=" " tag="024">
      <subfield code="a">1545-1569</subfield>
   </datafield>
   <datafield ind1="8" ind2=" " tag="024">
      <subfield code="a">https://doi.org/10.1597/15-29</subfield>
   </datafield>
   <datafield ind1="8" ind2=" " tag="024">
      <subfield code="a">26752252</subfield>
   </datafield>
   <datafield ind1="8" ind2=" " tag="024">
      <subfield code="a">https://journals.sagepub.com/doi/10.1597/15-291?url_ver=Z39.88-2003&amp;rfr_id=ori:rid:crossref.org&amp;rfr_dat=cr_pub%20%200pubmed</subfield>
   </datafield>
   <datafield ind1="8" ind2=" " tag="024">
      <subfield code="a">https://pubmed.ncbi.nlm.nih.gov/26752252/</subfield>
   </datafield>
   <datafield ind2="0" ind1="0" tag="245">
      <subfield code="a">Fetal Development of Human Oral Epithelial Pearls with Special Reference to Their Stage-Dependent Changes in Distribution</subfield>
   </datafield>
</record></metadata></record></GetRecord></OAI-PMH>